Sports Quiz

Random Sports or NBA Quiz

Big 4 Sports Champions Minefield Quiz Stats

 Plays Quiz Updated Mar 10, 2019

Challenge
Share
Tweet
Embed
Score 0/38 Timer 07:00
1 Play Today
Sport Team % Correct
NFL???
69.9%
MLB???
64.8%
MLB???
63.3%
NBA???
60.8%
NFL???
60%
NFL???
57.3%
NBA???
54.7%
NFL???
53.6%
MLB???
53.6%
NBA???
53%
NBA???
51.5%
NBA???
50.4%
NFL???
49.1%
NFL???
48.4%
NFL???
43.5%
MLB???
41%
NHL???
40.5%
NHL???
38.2%
NFL???
38.1%
Sport Team % Correct
NBA???
37.9%
NBA???
34.9%
NHL???
32.2%
NFL???
30.8%
NHL???
30.6%
MLB???
26.9%
MLB???
26.6%
NHL???
25.3%
NFL???
21.9%
MLB???
21.4%
NHL???
21%
NHL???
21%
NHL???
20.6%
MLB???
18.7%
NHL???
18.5%
MLB???
18.1%
NBA???
12.4%
Single/No Win???
11.3%
MLB???
10.3%

You're not logged in!

Compare scores with friends on all Sporcle quizzes.
OR
Log In

You Might Also Like...

Show Comments

Extras

Top Quizzes Today


Score Distribution

Your Account Isn't Verified!

In order to create a playlist on Sporcle, you need to verify the email address you used during registration. Go to your Sporcle Settings to finish the process.

Report this User

Report this user for behavior that violates our Community Guidelines.

Details: